000 00602nam a2200229Ia 4500
003 OSt
005 20221007081043.0
006 a|||||r|||| 00| 0
007 ta
008 221006b |||||||| |||| 00| 0 eng d
024 _a14,005
037 _cTextual
040 _aFLL
_cFLL
_beng
041 _2eng
_aeng
082 _aW:91, J3
100 _aSchuman F.L. Au.
_9696272
245 0 _aInternational politics
260 _aNew York
_bMcGraw hill book comp. U.S.A.
_c1953
300 _axvii,577p
_ccm.
942 _hW:91, J3
_cTEXL
_2CC
999 _c1161827
_d1161827